[Event "Match"]
[Site "www.echecsemail.com"]
[Date "2015.09.03"]
[Round "1"]
[White "Pare123"]
[Black "Pinehill"]
[WhiteElo "1970"]
[BlackElo "1870"]
[Result "0-1"]
[Round "1"]
1.c4 Ng8f6
2.Nb1c3 g6
3.d4 Bf8g7
4.e4 d6
5.Bf1d3 e5
6.d5 O-O
7.Bc1g5 Nb8d7
8.Ng1f3 c6
9.O-O Qd8b6
10.Nc3a4 Qb6c7
11.b3 Rf8e8
12.Na4c3 cxd5
13.Nc3xd5 Nf6xd5
14.cxd5 Nd7f6
15.Ra1c1 Qc7e7
16.h3 h6
17.Bg5h4 g5
18.Bh4g3 g4
19.hxg4 Nf6xg4
20.Nf3h2 Ng4xh2
21.Kxh2 Bc8d7
22.Rc1c7 Ra8b8
23.Bd3b5 Re8d8
24.a4 a6
25.Bb5e2 Rd8c8
26.Qd1c2 Qe7g5
27.Rf1c1 Rc8xc7
28.Qc2xc7 Rb8c8
29.Qc7xd7 Qg5xc1
30.Be2c4 Rc8xc4
31.bxc4 Qc1xc4
32.Qd7xb7 Qc4xa4
33.Qb7b8 Kh7
34.Qb8xd6 Qa4xe4
35.Qd6xa6 Qe4xd5
36.Qa6e2 f5
37.f4 e4
38.Bg3f2 Qd5d3
39.Qe2xd3 exd3
40.Bf2e1 Bg7d4
41.Be1d2 Kg6
42.Kg3 Bd4g1
43.Kf3 Kf6
44.g3 h5
45.Kg2 Bg1d4
46.Kh3 Kg6
47.Kg2 Kf7
48.Kf3 Ke6
49.Bd2b4 Kd5
50.Bb4d2 Kc4
51.Kg2 Kb3
52.Kf1 Kc2
53.Ke1 Bd4f2
{ resign }
0-1

[Event "Eq:Team USA-Clubul Central de Sah : "]
[Site "www.chess-mail.com"]
[Date "2015.09.03"]
[Round "1"]
[White "Pispindroi"]
[Black "Gatrooper"]
[WhiteElo "2620"]
[BlackElo "1470"]
[Result "1-0"]
[Round "1"]
1.d4 d5
2.c4 dxc4
3.Ng1f3 h6
4.e4 e6
5.Bf1xc4 Nb8c6
6.O-O a6
7.d5 exd5
8.exd5 Nc6e7
9.Nf3e5 Ne7f5
10.d6 Nf5xd6
11.Ne5xf7 Nd6xf7
12.Bc4xf7 Kxf7
13.Qd1xd8 Ng8e7
14.Rf1e1 Kg8
15.Re1xe7 Kh7
16.Qd8d3 Kg8
17.Qd3d5 Kh7
18.Qd5e4 Kg8
19.Re7xc7 Bf8d6
20.Qe4d5 Kh7
21.Qd5xd6 Rh8e8
22.Qd6xh6 Kg8
23.Qh6xg7 { resign }
1-0

[Event "Fast Game"]
[Site "www.echecsemail.com"]
[Date "2015.09.03"]
[Round "1"]
[White "Manolinex"]
[Black "Jhw"]
[WhiteElo "1989"]
[BlackElo "1969"]
[Result "1-0"]
[Round "1"]
1.g3 c6
2.Bf1g2 d5
3.Ng1f3 f6
4.d4 Qd8d6
5.Nb1c3 e5
6.e4 Bc8e6
7.dxe5 fxe5
8.exd5 Be6xd5
9.Nc3xd5 cxd5
10.O-O Nb8d7
11.Nf3xe5 Nd7xe5
12.Rf1e1 O-O-O
13.Bc1f4 Rd8e8
14.Qd1d4 Qd6b4
15.Bg2h3 Kc7
16.Qd4xb4 Bf8xb4
17.Re1xe5 Ng8f6
18.Re5xe8 { resign }
1-0

[Event "Tourn. n8305"]
[Site "www.chess-mail.com"]
[Date "2015.09.04"]
[Round "1"]
[White "Guidom"]
[Black "Libiesse"]
[WhiteElo "2070"]
[BlackElo "2020"]
[Result "1/2-1/2"]
[Round "1"]
1.e4 c5
2.Ng1f3 e6
3.c4 Nb8c6
4.Nb1c3 a6
5.d3 Qd8c7
6.Bf1e2 Ng8e7
7.O-O d6
8.Bc1e3 b6
9.Qd1d2 Bc8b7
10.a3 g6
11.Be3h6 O-O-O
12.Bh6xf8 Rd8xf8
13.Ra1b1 Nc6d4
14.Nf3xd4 cxd4
15.Nc3a2 f5
16.exf5 gxf5
17.b4 Rh8g8
18.f3 Kb8
19.Qd2h6 Ne7g6
20.Rf1c1 e5
21.c5 dxc5
22.bxc5 Ng6f4
23.Be2f1 Bb7xf3
24.cxb6 Qc7g7
25.Qh6d6 Ka8
26.Rc1c7 Qg7xg2
27.Bf1xg2 Rg8xg2
28.Kf1 Bf3e2
{ draw }
1/2-1/2

[Event "Tourn. n8295"]
[Site "www.chess-mail.com"]
[Date "2015.09.04"]
[Round "1"]
[White "Nimzo"]
[Black "Arto20"]
[WhiteElo "2720"]
[BlackElo "2410"]
[Result "1/2-1/2"]
[Round "1"]
1.Ng1f3 Ng8f6
2.c4 e6
3.g3 Bf8e7
4.Bf1g2 O-O
5.O-O c6
6.d4 d5
7.Qd1c2 Nb8d7
8.Nb1d2 b6
9.e4 Bc8b7
10.e5 Nf6e8
11.cxd5 cxd5
12.Rf1e1 Ra8c8
13.Qc2a4 Bb7c6
14.Qa4b3 Ne8c7
15.Nd2b1 b5
16.Bc1d2 Nd7b6
17.Bd2b4 Nb6c4
18.Bb4xe7 Qd8xe7
19.Qb3c2 Bc6d7
20.a3 Nc7a8
21.Qc2e2 Na8b6
22.b3 Nc4a5
23.Qe2b2 Rc8c7
24.Nb1d2 Rf8c8
25.Re1c1 b4
26.Rc1xc7 Rc8xc7
27.Bg2f1 bxa3
28.Ra1xa3 Na5c6
29.Ra3a1 { draw }
1/2-1/2

[Event "Tourn. n8338"]
[Site "www.chess-mail.com"]
[Date "2015.09.04"]
[Round "1"]
[White "Andychesston"]
[Black "Xkafi"]
[WhiteElo "2020"]
[BlackElo "2040"]
[Result "0-1"]
[Round "1"]
1.e4 e5
2.Ng1f3 Qd8f6
3.d4 Nb8c6
4.Bc1g5 Qf6g6
5.Bf1d3 Nc6xd4
6.Nb1d2 d6
7.O-O Bc8g4
8.Bg5e3 Nd4xf3
9.Nd2xf3 Bf8e7
10.Rf1e1 h5
11.Qd1d2 Bg4xf3
12.g3 h4
13.Bd3e2 Bf3xe4
14.Be2d3 hxg3
15.fxg3 Ng8f6
16.Be3g5 Be4xd3
17.cxd3 Nf6g4
18.Bg5xe7 Kxe7
19.Re1e2 Rh8h3
20.Ra1c1 c6
21.Rc1c4 f5
22.Qd2b4 Ra8b8
23.d4 Kd7
24.Qb4c3 d5
25.Rc4a4 e4
26.Ra4xa7 f4
27.Qc3b4 Kc7
28.Re2c2 fxg3
29.Qb4e7 Kc8
30.Qe7f8 Kd7
31.Rc2xc6 gxh2
32.Kf1 Rb8xf8
33.Ke2 Rf8f2
34.Ke1 h1Q

0-1

[Event "Tourn. n8379"]
[Site "www.chess-mail.com"]
[Date "2015.09.04"]
[Round "1"]
[White "Mitja"]
[Black "Bojan"]
[WhiteElo "1900"]
[BlackElo "1920"]
[Result "0-1"]
[Round "1"]
1.d4 d5
2.e3 a6
3.c3 Nb8c6
4.h3 Ng8f6
5.Ng1f3 Qd8d6
6.Nb1d2 Nf6e4
7.Nd2xe4 dxe4
8.Nf3d2 f5
9.Nd2c4 Qd6d7
10.Bf1e2 g6
11.f3 Qd7d5
12.fxe4 Qd5xe4
13.Be2f3 Qe4h4
14.Kf1 Bc8d7
15.Qd1e1 Qh4xe1
16.Kxe1 Ra8b8
17.Bc1d2 Bf8g7
18.Ke2 e5
19.dxe5 Nc6xe5
20.Nc4xe5 Bg7xe5
21.Ra1d1 Be5g3
22.Bd2e1 Bg3d6
23.Be1f2 Bd7b5
24.Ke1 Bb5c4
25.b3 Bc4e6
26.g4 Bd6e5
27.Kd2 Rb8d8
28.Kc2 c6
29.Rd1xd8 Kxd8
30.Rh1d1 Kc7
31.Rd1e1 Rh8f8
32.Re1f1 a5
33.gxf5 Be6xf5
34.e4 Bf5xh3
35.Bf3g2 Bh3xg2
36.Bf2b6 Kxb6
37.Rf1xf8 Bg2xe4
38.Kb2 Be4f5
39.Rf8e8 Be5f4
40.a4 h5
41.c4 h4
42.Re8e1 h3
{ resign }
0-1

[Event "Tourn. n8350"]
[Site "www.chess-mail.com"]
[Date "2015.09.04"]
[Round "1"]
[White "Bojan"]
[Black "Hundegana"]
[WhiteElo "1900"]
[BlackElo "1960"]
[Result "0-1"]
[Round "1"]
1.e4 c5
2.Ng1f3 Ng8f6
3.Nb1c3 a6
4.e5 Nf6g8
5.Bf1c4 e6
6.d4 cxd4
7.Nf3xd4 b5
8.Bc4d3 Bc8b7
9.Rh1g1 d6
10.Nd4f3 d5
11.Nf3d4 Bf8c5
12.Bc1e3 Bc5xd4
13.Be3xd4 Nb8c6
14.Qd1g4 g6
15.Qg4f4 h6
16.Bd4c5 Qd8d7
17.O-O-O Ra8c8
18.Bc5a3 g5
19.Qf4g3 b4
20.Ba3xb4 Nc6xb4
21.Kb1 Nb4xd3
22.Rd1xd3 Ng8e7
23.h4 Ne7f5
24.Qg3g4 Nf5xh4
25.Nc3e4 Qd7c7
26.Ne4d6 Ke7
27.Rd3c3 Bb7c6
28.Nd6xc8 Rh8xc8
29.Rg1e1 Qc7b6
30.Re1e3 d4
31.Rc3b3 Qb6a5
32.Qg4xd4 Rc8d8
33.Qd4a7 Rd8d7
34.Rb3a3 Qa5xa3
35.Qa7xd7 Kxd7
36.Re3xa3 Nh4xg2
37.Ra3xa6 Ng2f4
38.Ra6a7 Ke8
39.Ra7c7 Bc6d7
40.Kc1 h5
41.Rc7b7 h4
42.Rb7b8 Ke7
43.Kd2 f6
44.b3 fxe5
45.f3 h3
46.Rb8h8 Bd7c6
47.Ke3 Kf7
48.Kf2 Kg7
49.Rh8d8 h2
50.Rd8d1 g4
51.Kg3 Bc6xf3
52.Rd1d7 Kg6
53.Kxh2 e4
54.Kg3 Nf4e2
{ resign }
0-1

[Event "Tourn. n8342"]
[Site "www.chess-mail.com"]
[Date "2015.09.04"]
[Round "1"]
[White "Heiserman"]
[Black "Panham"]
[WhiteElo "2250"]
[BlackElo "2100"]
[Result "1-0"]
[Round "1"]
1.d4 d5
2.c4 c6
3.Nb1c3 e6
4.cxd5 cxd5
5.Ng1f3 Ng8f6
6.Bc1g5 Bf8e7
7.e3 a6
8.Bf1d3 Nb8d7
9.O-O O-O
10.Ra1c1 h6
11.Bg5h4 b5
12.a3 Bc8b7
13.Qd1e2 Nd7b6
14.e4 dxe4
15.Bh4xf6 Be7xf6
16.Bd3xe4 Bb7xe4
17.Nc3xe4 Nb6d5
18.Nf3e5 Bf6xe5
19.dxe5 Nd5f4
20.Qe2e3 Nf4g6
21.f4 Ng6e7
22.Rf1d1 Ne7d5
23.Qe3f3 Qd8b6
24.Kh1 Ra8c8
25.Ne4d6 Rc8xc1
26.Rd1xc1 Qb6d4
27.b4 Qd4xf4
28.Qf3xf4 Nd5xf4
29.Rc1c6 Nf4d3
30.Rc6xa6 Nd3xe5
31.Nd6xb5 Rf8c8
32.h3 Ne5d3
33.Ra6a7 Nd3f4
34.Nb5d6 f6
35.b5 Nf4d5
36.a4 Rc8d8
37.Nd6f7 Rd8c8
38.a5 Nd5c7
39.Nf7d6 Rc8d8
40.Ra7xc7 Rd8xd6
41.b6 Rd6d1
42.Kh2 Kh7
43.b7 Rd1b1
44.a6 { resign }
1-0

[Event "Tourn. n8347"]
[Site "www.chess-mail.com"]
[Date "2015.09.04"]
[Round "1"]
[White "Falcoale"]
[Black "Bojan"]
[WhiteElo "1910"]
[BlackElo "1900"]
[Result "0-1"]
[Round "1"]
1.e4 e5
2.Ng1f3 Nb8c6
3.Bf1c4 Bf8c5
4.O-O d6
5.a3 Qd8f6
6.d3 Bc8g4
7.Nb1d2 Nc6d4
8.h3 Nd4xf3
9.Nd2xf3 Bg4xf3
10.Qd1xf3 Qf6xf3
11.gxf3 h6
12.f4 exf4
13.Bc1xf4 Ng8e7
14.b4 Bc5d4
15.Ra1e1 O-O
16.Re1e2 Ne7g6
17.Bc4a2 Ng6xf4
18.Re2e1 Nf4xh3
19.Kg2 Nh3g5
20.f4 Ng5e6
21.Rf1f3 c6
22.e5 d5
23.Re1f1 b5
24.Rf3h3 Bd4b2
25.c4 Bb2xa3
26.cxd5 cxd5
27.Ba2xd5 Ra8c8
28.Rf1b1 Ne6xf4
29.Kg3 Nf4xd5
{ resign }
0-1

[Event "Tourn. n8329"]
[Site "www.chess-mail.com"]
[Date "2015.09.04"]
[Round "1"]
[White "Numanoid"]
[Black "Rons"]
[WhiteElo "2480"]
[BlackElo "2560"]
[Result "1/2-1/2"]
[Round "1"]
1.e4 c5
2.Ng1f3 d6
3.d4 cxd4
4.Nf3xd4 Ng8f6
5.Nb1c3 a6
6.Bc1g5 e6
7.f4 Qd8b6
8.Qd1d2 Qb6xb2
9.Ra1b1 Qb2a3
10.e5 dxe5
11.fxe5 Nf6d7
12.Nc3e4 h6
13.Bg5h4 Qa3xa2
14.Rb1d1 Qa2d5
15.Qd2e3 Qd5xe5
16.Bf1e2 Bf8c5
17.Bh4g3 Bc5xd4
18.Rd1xd4 Qe5a5
19.Rd4d2 O-O
20.Bg3d6 Nb8c6
21.O-O Nc6e5
22.Rd2d1 f5
23.Bd6xf8 Kxf8
24.Ne4d6 Nd7f6
25.Kh1 Ne5f7
26.Nd6xc8 Ra8xc8
27.Qe3xe6 Rc8e8
28.Qe6c4 Re8e4
29.Rd1d4 { draw }
1/2-1/2

[Event "Match"]
[Site "www.echecsemail.com"]
[Date "2015.09.04"]
[Round "1"]
[White "Wagner"]
[Black "Daquata"]
[WhiteElo "1710"]
[BlackElo "1660"]
[Result "0-1"]
[Round "1"]
1.e4 c5
2.e5 e6
3.Ng1f3 Nb8c6
4.c3 d6
5.Bf1b5 Bc8d7
6.d4 cxd4
7.cxd4 Qd8a5
8.Nb1c3 dxe5
9.dxe5 Bf8b4
10.Bc1d2 Bb4xc3
11.Bb5xc6 Bc3xd2
12.Nf3xd2 Bd7xc6
13.O-O Ra8d8
14.Nd2c4 Rd8xd1
15.Rf1xd1 Qa5c7
16.Nc4d6 Ke7
17.Ra1c1 Qc7b8
18.Rc1c3 Ng8h6
19.Rc3f3 Bc6xf3
20.gxf3 Nh6f5
21.Nd6xf5 exf5
{ resign }
0-1

[Event "Eq:Slap Shot Mates-BEAC Hungary : "]
[Site "www.chess-mail.com"]
[Date "2015.09.04"]
[Round "1"]
[White "Fkarpov"]
[Black "Sebolix"]
[WhiteElo "2090"]
[BlackElo "2660"]
[Result "0-1"]
[Round "1"]
1.d4 f5
2.c4 Ng8f6
3.e3 d6
4.Nb1c3 g6
5.Ng1f3 Bf8g7
6.Bf1d3 O-O
7.Qd1b3 e5
8.dxe5 dxe5
9.Nf3xe5 Nf6g4
10.c5 Kh8
11.Ne5f7 Rf8xf7
12.Qb3xf7 Ng4e5
13.Qf7d5 Ne5xd3
14.Ke2 Nd3xc1
15.Ra1xc1 Qd8e7
16.Qd5c4 Nb8c6
17.Nc3d5 Qe7f7
18.b4 Bc8e6
19.e4 fxe4
20.Qc4xe4 Be6xd5
21.Qe4g4 Nc6e5
{ resign }
0-1

[Event "Fast Game"]
[Site "www.echecsemail.com"]
[Date "2015.09.04"]
[Round "1"]
[White "Huw"]
[Black "Sonofabutton"]
[WhiteElo "1599"]
[BlackElo "1599"]
[Result "1-0"]
[Round "1"]
1.d4 Ng8f6
2.c4 e6
3.Ng1f3 b6
4.Nb1c3 Bc8b7
5.Bc1g5 Bf8e7
6.e3 O-O
7.Bf1d3 c5
8.O-O cxd4
9.exd4 d5
10.b3 dxc4
11.bxc4 Nb8c6
12.h3 Qd8d6
13.Nc3b5 Qd6d7
14.Ra1c1 a6
15.Nb5c3 Nc6xd4
16.Nf3xd4 { resign }
1-0

[Event "Tourn. n8310"]
[Site "www.chess-mail.com"]
[Date "2015.09.05"]
[Round "1"]
[White "Jjmcbride"]
[Black "Mitja"]
[WhiteElo "1890"]
[BlackElo "1660"]
[Result "0-1"]
[Round "1"]
1.e4 d5
2.e5 e6
3.Ng1f3 a6
4.c4 dxc4
5.Bf1xc4 c6
6.d4 Nb8d7
7.O-O Nd7b6
8.Bc4b3 h6
9.Nb1c3 Ng8e7
10.a4 Nb6d5
11.Nc3xd5 Ne7xd5
12.Rf1e1 Bf8e7
13.Bb3xd5 cxd5
14.Nf3d2 O-O
15.Nd2f1 Be7b4
16.Re1e2 Bb4a5
17.Ra1b1 Ba5b6
18.Re2e3 f5
19.b4 Bb6a7
20.f4 b5
21.a5 Bc8d7
22.Re3h3 Bd7e8
23.Bc1e3 Ra8c8
24.Be3f2 Rf8f7
25.g4 fxg4
26.Qd1xg4 Kf8
27.Nf1g3 Qd8d7
28.Rb1e1 Rc8c4
29.f5 Ba7xd4
30.Bf2xd4 exf5
31.Qg4f4 Qd7e6
32.Rh3h5 g5
33.Qf4d2 Qe6g6
34.e6 Rf7c7
35.Bd4c5 { time. }
0-1

[Event "Tourn. n8367"]
[Site "www.chess-mail.com"]
[Date "2015.09.05"]
[Round "1"]
[White "Culiflori"]
[Black "Fred"]
[WhiteElo "1960"]
[BlackElo "1970"]
[Result "1-0"]
[Round "1"]
1.e4 e5
2.Ng1f3 Nb8c6
3.Bf1c4 Bf8c5
4.c3 d6
5.d4 exd4
6.cxd4 Bc5b4
7.Bc1d2 Bc8g4
8.Bd2xb4 Nc6xb4
9.Nb1d2 Ng8f6
10.Qd1a4 Nb4c6
11.d5 Bg4xf3
12.Nd2xf3 Nf6xe4
13.dxc6 Ne4c5
14.Qa4c2 bxc6
15.O-O O-O
16.Rf1e1 h6
17.b4 Nc5e6
18.Bc4xe6 fxe6
19.Re1xe6 Rf8f6
20.Ra1e1 Rf6xe6
21.Re1xe6 Qd8d7
22.Qc2c4 d5
23.Qc4xc6 Qd7xc6
24.Re6xc6 Ra8b8
25.a3 a5
26.Rc6xc7 axb4
27.axb4 Rb8xb4
28.g3 Rb4b1
29.Kg2 Rb1d1
30.Rc7d7 Kf8
31.h4 g5
32.hxg5 hxg5
33.Nf3xg5 Ke8
34.Rd7d6 Ke7
35.Rd6a6 d4
36.Ra6a2 Kd6
37.Kf3 Kd5
38.Ke2 Rd1c1
39.Ra2d2 Rc1c4
40.Ng5f3 Ke4
41.Rd2xd4 Rc4xd4
42.Nf3xd4 Kxd4
43.Kf3 Ke5
44.Ke3 Kf5
45.f4 Kf6
46.Ke4 Kg6
47.Ke5 Kf7
48.f5 Ke7
49.g4 Kf7
50.g5 Kf8
51.Ke6 Kg7
52.Ke7 Kg8
53.f6 Kh8
54.f7 Kg7
55.f8Q Kh7
56.g6 Kxg6
57.Qf8f6 Kh7
58.Qf6g5 Kh8
59.Kf7 { resign }
1-0

[Event "Tourn. n8298"]
[Site "www.chess-mail.com"]
[Date "2015.09.05"]
[Round "1"]
[White "Ssharp"]
[Black "Ff333"]
[WhiteElo "2130"]
[BlackElo "2060"]
[Result "1-0"]
[Round "1"]
1.e4 e5
2.Ng1f3 Nb8c6
3.Bf1c4 Ng8f6
4.Nf3g5 d5
5.exd5 Nf6xd5
6.Ng5xf7 Kxf7
7.Qd1f3 Ke6
8.Nb1c3 Nc6b4
9.Qf3e4 c6
10.d4 Qd8d6
11.a3 Nb4a6
12.Bc1f4 Na6c5
13.dxc5 Qd6c7
14.Nc3xd5 Qc7d8
15.Nd5c7 { resign }
1-0

[Event "Tourn. n8382"]
[Site "www.chess-mail.com"]
[Date "2015.09.05"]
[Round "1"]
[White "Guidom"]
[Black "Xkafi"]
[WhiteElo "2130"]
[BlackElo "2070"]
[Result "1-0"]
[Round "1"]
1.e4 e5
2.Ng1f3 Qd8f6
3.d4 exd4
4.e5 Qf6e6
5.Qd1xd4 Nb8c6
6.Qd4e3 Nc6b4
7.Nb1a3 Qe6c6
8.Qe3b3 a6
9.Bf1c4 Qc6e4
10.Bc1e3 b5
11.Bc4xf7 Kd8
12.Bf7xg8 Bc8b7
13.O-O-O Qe4f5
14.Bg8e6 Bb7d5
15.Be6xf5 Bd5xb3
16.Rd1xd7 Ke8
17.axb3 c5
18.e6 Bf8e7
19.Nf3e5 Rh8f8
20.Bf5xh7 Rf8f6
21.Bh7g8 Ra8d8
22.Rd7xe7 Kxe7
23.Be3xc5 Ke8
24.Bg8f7 { resign }
1-0

[Event "Tourn. n8361"]
[Site "www.chess-mail.com"]
[Date "2015.09.05"]
[Round "1"]
[White "Mitja"]
[Black "Ochoreales"]
[WhiteElo "1850"]
[BlackElo "2070"]
[Result "0-1"]
[Round "1"]
1.d4 Ng8f6
2.e3 g6
3.Ng1f3 Bf8g7
4.c3 O-O
5.Bf1c4 d5
6.Bc4b3 b6
7.O-O e6
8.Nb1a3 Bc8a6
9.Rf1e1 c5
10.dxc5 bxc5
11.Bb3c2 Nb8c6
12.h3 e5
13.Bc2d3 Ba6xd3
14.Qd1xd3 e4
{ resign }
0-1

[Event "Tourn. n8377"]
[Site "www.chess-mail.com"]
[Date "2015.09.05"]
[Round "1"]
[White "Culiflori"]
[Black "Bojan"]
[WhiteElo "1970"]
[BlackElo "1940"]
[Result "1-0"]
[Round "1"]
1.e4 e5
2.Ng1f3 d6
3.d4 exd4
4.Nf3xd4 Bc8d7
5.Nb1c3 Nb8c6
6.Bc1e3 a6
7.Bf1c4 Nc6e5
8.Bc4b3 Qd8f6
9.O-O c6
10.f4 Ne5g4
11.Qd1e2 Ng4xe3
12.Qe2xe3 g6
13.e5 Qf6e7
14.Ra1e1 c5
15.Nd4f3 dxe5
16.Nf3xe5 O-O-O
17.Ne5xf7 Qe7xe3
18.Re1xe3 Bf8g7
19.Nf7xd8 Kxd8
20.Re3d3 Kc8
21.Nc3d5 Bd7c6
22.Nd5c3 Ng8f6
23.Bb3e6 Kc7
24.f5 Rh8e8
25.b3 Nf6g4
26.Nc3d5 Kb8
27.c4 Bg7d4
28.Kh1 Ng4f2
29.Rf1xf2 Bd4xf2
30.h3 Bf2d4
31.Rd3d1 gxf5
32.Be6xf5 h6
33.a4 b5
34.axb5 axb5
35.Rd1f1 Re8f8
36.Bf5d3 Rf8g8
37.Bd3e4 Rg8g3
38.Be4f3 bxc4
39.bxc4 Rg3g5
40.Rf1b1 Ka7
41.Rb1e1 Rg5e5
42.Re1xe5 Bd4xe5
43.Kg1 Bc6d7
44.Kf2 Kb8
45.Ke3 Bd7f5
46.Bf3e4 Bf5e6
47.g4 Kc8
48.Be4f5 Kd7
49.Ke4 Be5b2
50.Nd5f4 Be6xf5
51.Kxf5 Bb2c1
52.Nf4d3 Bc1e3
53.Ke4 Be3d4
54.Kd5 Bd4e3
55.Nd3xc5 Kc7
56.Nc5e6 Kd7
57.c5 Be3d2
58.c6 Kc8
59.Ne6g7 Bd2f4
60.Ng7f5 Kc7
61.h4 { resign }
1-0

[Event "Tourn. n8371"]
[Site "www.chess-mail.com"]
[Date "2015.09.05"]
[Round "1"]
[White "Gatrooper"]
[Black "Daquata"]
[WhiteElo "1450"]
[BlackElo "1660"]
[Result "0-1"]
[Round "1"]
1.e4 e5
2.a3 Ng8f6
3.Nb1c3 Nb8c6
4.Ng1f3 Bf8e7
5.h3 O-O
6.d3 d6
7.Bc1g5 h6
8.Bg5xf6 Be7xf6
9.Nc3d5 Bc8e6
10.Nd5c3 d5
11.exd5 Be6xd5
12.Nc3b5 Rf8e8
13.Bf1e2 e4
14.dxe4 Re8xe4
15.O-O Bf6xb2
16.Ra1b1 Bb2f6
17.Be2d3 Re4e8
18.c4 Bd5xf3
19.gxf3 a6
20.Nb5xc7 Qd8xc7
21.Qd1c2 Nc6d4
22.Qc2d1 Qc7d7
23.Rf1e1 Qd7xh3
24.Re1xe8 Ra8xe8
25.Bd3f1 Nd4xf3
26.Qd1xf3 Qh3xf3
27.Bf1g2 Qf3d3
28.Rb1c1 Qd3xa3
29.Rc1b1 Qa3c3
30.Rb1xb7 Re8e1
31.Kh2 Bf6e5
32.f4 Be5xf4
{ resign }
0-1

[Event "Tourn. n8383"]
[Site "www.chess-mail.com"]
[Date "2015.09.05"]
[Round "1"]
[White "Culiflori"]
[Black "Bojan"]
[WhiteElo "1990"]
[BlackElo "1870"]
[Result "1-0"]
[Round "1"]
1.e4 e5
2.Ng1f3 Nb8c6
3.Bf1c4 h6
4.Nb1c3 a6
5.d4 exd4
6.Nf3xd4 Nc6e5
7.Bc4b3 Bf8c5
8.Bc1e3 d6
9.h3 c6
10.O-O Ng8f6
11.Rf1e1 Qd8e7
12.Nd4f5 Qe7f8
13.Be3xc5 dxc5
14.Nf5d6 Ke7
15.f4 Ne5g6
16.Nd6xf7 Qf8xf7
17.Bb3xf7 Kxf7
18.e5 Nf6h5
19.Qd1xh5 { resign }
1-0

[Event "Tourn. n8328"]
[Site "www.chess-mail.com"]
[Date "2015.09.05"]
[Round "1"]
[White "Alessiov"]
[Black "Caspito"]
[WhiteElo "1610"]
[BlackElo "1690"]
[Result "1-0"]
[Round "1"]
1.e4 e5
2.Nb1c3 Ng8f6
3.f4 exf4
4.Ng1f3 Bf8b4
5.a3 Bb4xc3
6.dxc3 Nf6xe4
7.Bc1xf4 O-O
8.Bf1d3 d5
9.O-O Nb8c6
10.Rf1e1 Bc8f5
11.c4 dxc4
12.Bd3xe4 Bf5xe4
13.Re1xe4 Qd8xd1
14.Ra1xd1 Ra8c8
15.h4 b5
16.Kf2 Nc6a5
17.Rd1d5 c6
18.Rd5d4 c5
19.Rd4d7 a6
20.Rd7a7 Rc8c6
21.Bf4c7 c3
22.Bc7xa5 cxb2
23.Re4e1 b4
24.a4 Rf8b8
25.Re1b1 g6
26.Ba5c7 Rb8c8
27.Bc7f4 c4
28.Nf3d4 Rc6f6
29.Kg3 c3
30.Bf4e5 Kg7
31.Ra7xa6 { resign }
1-0

[Event "Tourn. n8338"]
[Site "www.chess-mail.com"]
[Date "2015.09.05"]
[Round "1"]
[White "Luban"]
[Black "Orhany24"]
[WhiteElo "2090"]
[BlackElo "2000"]
[Result "1-0"]
[Round "1"]
1.d4 d5
2.Ng1f3 Bc8f5
3.e3 f6
4.c4 e5
5.dxe5 fxe5
6.Nf3xe5 Ng8f6
7.cxd5 Qd8xd5
8.Qd1xd5 Nf6xd5
9.Bc1d2 Bf8b4
10.a3 Bb4d6
11.Ne5f3 O-O
12.Bf1c4 c6
13.Nb1c3 Kh8
14.Nc3xd5 cxd5
15.Bc4xd5 Nb8c6
16.Bd5xc6 bxc6
17.O-O Ra8b8
18.b4 c5
19.Rf1c1 cxb4
20.axb4 Bd6xb4
21.Bd2xb4 Rb8xb4
22.Ra1xa7 h6
23.h3 Bf5e4
24.Rc1c7 Rb4b1
25.Kh2 g5
26.Nf3d2 { resign }
1-0

[Event "Tourn. n8327"]
[Site "www.chess-mail.com"]
[Date "2015.09.05"]
[Round "1"]
[White "Attatroll"]
[Black "Mitja"]
[WhiteElo "1900"]
[BlackElo "1840"]
[Result "1/2-1/2"]
[Round "1"]
1.e4 d5
2.exd5 Qd8xd5
3.Nb1c3 Qd5d8
4.d4 e6
5.Ng1f3 c6
6.Bf1d3 h6
7.O-O Ng8f6
8.Bc1f4 Nb8d7
9.Rf1e1 Nd7b6
10.Qd1d2 Nb6d5
11.Nc3xd5 Nf6xd5
12.Bf4g3 Bf8d6
13.Bg3xd6 Qd8xd6
14.Nf3e5 b6
15.c4 Nd5f6
16.Qd2f4 Bc8b7
17.Ra1d1 O-O
18.Ne5g6 Qd6xf4
19.Ng6xf4 Ra8d8
20.h3 g5
21.Nf4e2 c5
22.dxc5 bxc5
23.Bd3c2 Kg7
24.Ne2g3 Rf8e8
25.b3 a6
26.Kf1 a5
27.f3 Bb7a6
28.Kf2 Kf8
29.Ng3e4 Nf6xe4
30.Bc2xe4 Rd8xd1
31.Re1xd1 Ke7
32.Be4c6 Re8d8
33.Rd1xd8 Kxd8
34.Bc6b5 Ba6b7
{ draw }
1/2-1/2

[Event "Tourn. n8333"]
[Site "www.chess-mail.com"]
[Date "2015.09.05"]
[Round "1"]
[White "Jhw"]
[Black "Falcoale"]
[WhiteElo "1779"]
[BlackElo "1880"]
[Result "1-0"]
[Round "1"]
1.d4 Ng8f6
2.Bc1f4 e6
3.f3 Nb8c6
4.e4 b6
5.h4 Bc8b7
6.c3 Nf6h5
7.Qd1d2 a5
8.a3 Nh5xf4
9.Qd2xf4 h6
10.d5 Bf8d6
11.Qf4g4 O-O
12.dxc6 Bb7xc6
13.Bf1d3 Bd6e7
14.Ng1e2 d5
15.e5 Bc6d7
16.Ne2f4 f5
17.Qg4g3 c5
18.b3 c4
19.bxc4 Bd7c6
20.Qg3g6 Qd8c7
21.Qg6xe6 Rf8f7
22.Bd3xf5 Ra8d8
23.Bf5g6 Be7c5
24.Bg6xf7 Qc7xf7
25.Qe6xf7 Kxf7
26.cxd5 Bc6xd5
27.Nf4xd5 Rd8xd5
28.f4 Rd5d3
29.Ra1a2 Rd3e3
30.Ra2e2 Re3g3
31.f5 Rg3g4
32.Nb1d2 Bc5xa3
33.Nd2e4 b5
34.Ne4d6 Ba3xd6
35.exd6 a4
36.d7 { resign }
1-0

[Event "Match"]
[Site "www.echecsemail.com"]
[Date "2015.09.05"]
[Round "1"]
[White "Pinehill"]
[Black "Cristiano"]
[WhiteElo "1920"]
[BlackElo "1980"]
[Result "0-1"]
[Round "1"]
1.e4 c5
2.Ng1f3 d6
3.Bf1b5 Bc8d7
4.Qd1e2 a6
5.Bb5xd7 Nb8xd7
6.O-O e6
7.Nb1c3 Ng8f6
8.d4 cxd4
9.Nf3xd4 Bf8e7
10.Bc1g5 O-O
11.Kh1 Ra8c8
12.f4 h6
13.Bg5h4 b5
14.e5 dxe5
15.fxe5 Nf6h7
16.Bh4xe7 Qd8xe7
17.Nc3e4 Kh8
18.Ne4d6 Rc8c5
19.Ra1d1 Rc5xe5
20.Nd4c6 Re5xe2
21.Nc6xe7 Nh7f6
22.Kg1 Kh7
23.Rf1f2 Re2xf2
24.Kxf2 Nd7c5
25.Rd1e1 h5
26.Ne7c6 Nc5d7
27.Kf3 g5
28.Nc6e5 Nd7xe5
29.Re1xe5 Kg6
30.Nd6e4 g4
31.Kf2 Nf6xe4
32.Re5xe4 Kf5
33.Ke3 e5
34.g3 Rf8d8
35.a4 Ke6
36.axb5 axb5
37.Re4b4 Rd8d5
38.c4 bxc4
39.Rb4xc4 Rd5d1
40.b4 Rd1e1
41.Kf2 Re1b1
42.Rc4c6 Kf5
43.Rc6b6 Rb1b2
44.Ke3 f6
45.Rb6b8 Rb2b3
46.Kd2 Rb3b2
47.Kc3 Rb2xh2
48.b5 Rh2g2
49.b6 Rg2xg3
50.Kc4 Rg3g1
51.b7 Rg1c1
52.Kd5 Rc1d1
53.Kc6 Rd1c1
54.Kd7 Rc1b1
55.Kc7 g3
56.Rb8a8 Rb1xb7
57.Kxb7 Kf4
{ resign }
0-1

[Event "Match"]
[Site "www.echecsemail.com"]
[Date "2015.09.05"]
[Round "1"]
[White "Stevep84"]
[Black "Azorau"]
[WhiteElo "2130"]
[BlackElo "1529"]
[Result "1/2-1/2"]
[Round "1"]
1.e4 e5
2.Ng1f3 Nb8c6
3.Bf1b5 Nc6d4
4.Nf3xd4 exd4
5.O-O Bf8c5
6.Bb5c4 Qd8f6
7.d3 Ng8e7
8.Nb1d2 Qf6e5
9.Nd2f3 Qe5f6
10.Bc1g5 Qf6g6
11.Qd1d2 f6
12.Bg5f4 d6
13.Qd2e2 Bc8h3
14.Nf3h4 Qg6g4
15.Qe2xg4 Bh3xg4
16.h3 Bg4e2
17.Rf1e1 Be2h5
18.Bc4e6 Ne7g6
19.Nh4xg6 hxg6
20.g4 g5
21.gxh5 gxf4
22.Be6g4 b5
23.Kg2 Bc5b4
24.Re1g1 Kf7
25.Kf3 g5
26.Rg1h1 a5
27.h4 c6
28.hxg5 fxg5
29.Ra1g1 { draw }
1/2-1/2

[Event "Match"]
[Site "www.echecsemail.com"]
[Date "2015.09.05"]
[Round "1"]
[White "Hundegana"]
[Black "Carazo"]
[WhiteElo "1950"]
[BlackElo "1599"]
[Result "1-0"]
[Round "1"]
1.e4 e5
2.c4 Ng8f6
3.Nb1c3 Bf8c5
4.Ng1f3 Nf6g4
5.d4 Bc5b6
6.c5 Bb6a5
7.b4 Ba5xb4
8.Bc1d2 d6
9.Qd1a4 c6
10.Qa4xb4 a5
11.Qb4a3 d5
12.h3 Ng4f6
13.exd5 O-O
14.dxe5 Nf6xd5
15.Nc3xd5 Qd8xd5
16.Ra1d1 Qd5e6
17.Bd2e3 Nb8d7
18.Rd1d6 Qe6f5
19.Bf1d3 Qf5xf3
20.gxf3 Nd7xe5
21.Bd3e4 Ne5c4
22.Qa3d3 Nc4e5
23.Qd3c2 g6
24.Be3h6 Rf8e8
25.Qc2c3 Bc8f5
26.O-O Re8e7
27.Be4xf5 gxf5
28.f4 f6
29.fxe5 Re7xe5
30.Rd6xf6 Re5e7
31.Rf6xf5 Ra8e8
32.Rf5g5 Kf7
33.Qc3f3 Ke6
34.Qf3f5 { resign }
1-0

[Event "Match"]
[Site "www.echecsemail.com"]
[Date "2015.09.05"]
[Round "1"]
[White "Chtoubidou"]
[Black "Carazo"]
[WhiteElo "1870"]
[BlackElo "1599"]
[Result "0-1"]
[Round "1"]
1.e4 e5
2.Bf1c4 Ng8f6
3.d3 Bf8c5
4.Nb1c3 d6
5.Nc3a4 O-O
6.Ng1e2 Qd8d7
7.Na4xc5 Qd7c6
8.Nc5b3 Qc6b6
9.Nb3d2 Nf6g4
10.O-O d5
11.Bc4xd5 c6
12.Bd5b3 Bc8e6
13.h3 Ng4f6
14.Bb3xe6 fxe6
15.b3 Nb8d7
16.Nd2c4 Qb6c7
17.Bc1b2 b5
18.Nc4e3 Ra8d8
19.f4 Nd7c5
20.fxe5 Nf6d7
21.b4 Nd7xe5
22.d4 Nc5xe4
{ resign }
0-1

[Event "Match"]
[Site "www.echecsemail.com"]
[Date "2015.09.05"]
[Round "1"]
[White "Rindrandria"]
[Black "Ranjachess"]
[WhiteElo "1630"]
[BlackElo "1690"]
[Result "0-1"]
[Round "1"]
1.d4 d5
2.e3 Nb8c6
3.Bf1e2 Ng8f6
4.Bc1d2 e5
5.dxe5 Nc6xe5
6.Ng1f3 Bf8d6
7.Bd2c3 Ne5xf3
8.Be2xf3 c6
9.g4 O-O
10.Qd1d4 c5
11.Qd4d3 d4
12.exd4 Nf6xg4
13.Nb1d2 Rf8e8
14.Bf3e4 Qd8h4
15.Qd3e2 cxd4
16.Bc3xd4 Bd6f4
17.O-O-O Ng4f6
18.Bd4xf6 Qh4xf6
19.Be4xh7 Kf8
20.Qe2h5 g6
21.Qh5f3 Bf4xd2
22.Rd1xd2 Qf6xf3
23.Rh1g1 Kg7
24.Rg1g3 Qf3h1
25.Rd2d1 Re8e1
26.Rg3d3 Bc8g4
27.f3 Bg4xf3
28.b3 Bf3xd1
29.Rd3xd1 Re1xd1
30.Kb2 Ra8c8
31.Bh7xg6 Kxg6
32.c4 Rc8xc4
33.bxc4 Qh1f3
34.Kc2 Qf3d3
35.Kb2 Rd1d2
36.Ka1 Qd3c2
37.h4 Rd2d1

0-1

[Event "Match"]
[Site "www.echecsemail.com"]
[Date "2015.09.05"]
[Round "1"]
[White "Nationadmire"]
[Black "Bojan"]
[WhiteElo "1809"]
[BlackElo "1960"]
[Result "0-1"]
[Round "1"]
1.e4 e5
2.Ng1f3 Nb8c6
3.d4 exd4
4.Bf1c4 h6
5.Nf3xd4 Nc6e5
6.Bc4b3 Bf8c5
7.f4 Ne5c6
8.Bb3xf7 Kf8
9.Nd4xc6 bxc6
10.Qd1h5 Qd8e7
11.Bf7g6 Ng8f6
12.Qh5f3 d6
 { time }
0-1